000 00516nam a2200181Ia 4500
005 20250923144422.0
008 008 250917s9999 xx 000 0 eng d
037 _aTextual
040 _aDSWL
_beng
_cDSWL
041 _aeng
_2eng
084 _aL7:4:6910T, N49
_qDSWL
100 _aBassett, Clara
_9824708
245 4 _aThe school and mental health
_cby Clara Bassett
260 _aNew York
_c1949
300 _a66 p.
942 _cTEXL
_hL7:4:6910T, N49
999 _c1438594
_d1438594